Mari El Quiz - Statistics

General Stats
  • This quiz has been taken 7 times
  • The average score is 10 of 15
Answer Stats
Hint Answer % Correct
Largest Ethnic Groups Russian
100%
Official Languages Russian
100%
Time Zone UTC {+3}
100%
Largest Ethnic Groups Mari
83%
Official Languages Mari
83%
Largest Ethnic Groups Tatar
83%
Largest Religion Orthodox
67%
Russian Republics Chuvashia Borders Tatarstan
67%
Federal District it's located it Volga
67%
Mari El is along the bank of the ______ River Volga
67%
Capital City Yoshkar-Ola
67%
Russian Republics Chuvashia Borders Chuvashia
50%
The Mari people are a _____ Ethnic Group Finnic
33%
Mari El's ISO 3166 code RU-ME
33%
Economic Region it's located it Volga-Vyatka
33%
No matching quizzes found
Score Distribution
Percent of People with Each Score
Percentile by Number Answered
Your Score History
You have not taken this quiz